| 000 | 00563nam a22001697a 4500 | ||
|---|---|---|---|
| 008 | 100202t xxu||||| |||| 000 0 eng d | ||
| 020 | _a812813340 | ||
| 082 |
_220 _a082 _bFRO |
||
| 245 |
_aThe Americans / _cDavid Frost. |
||
| 260 |
_aNew York: _bSten and day, _cc.1970. |
||
| 300 |
_a250p; _c22cm. |
||
| 500 | _aDonations. | ||
| 500 | _aDonated By: Alaa Abdel ghaney. | ||
| 650 |
_910863 _aUnited States -- Civilization -- 1970- |
||
| 942 |
_2ddc _cBB |
||
| 999 |
_c13253 _d13253 |
||